Unstable Universe/General MCYT Duos - Statistics

General Stats
  • This quiz has been taken 52 times
    42 since last reset
  • The average score is 15 of 46
Answer Stats
Hint Answer % Correct
Wemmbu + Eggchan Tax Duo
86%
ParrotX2 + Wifies Odyssey Duo
67%
Wemmbu + PrinceZam Mutiny Duo
64%
Wemmbu + Squiddo Party Killers
64%
Wemmbu + FlameFrags Imperial Fire
58%
Wemmbu + ParrotX2 Justice Duo
58%
FlameFrags + Manepear Blindfold Brothers
50%
ParrotX2 + Theobaldthebird Cartwings
50%
Ashswagg + Squiddo Glitch Duo
50%
Wemmbu + Spoke Orbital Duo
47%
Spoke + Mapicc Devious Duo
44%
FlameFrags + Lomedy Torchflower Duo
44%
Wemmbu + Manepear Destruction Duo
42%
Wemmbu + Boosfer Inversion Duo
42%
ParrotX2 + Evilfies Potential Duo
42%
Wemmbu + Jaden_MAN Promise Duo
42%
ParrotX2 + Spoke Havoc Duo
39%
Spoke + PlanetLord Pride Duo
39%
Wemmbu + Wato1876 Restock Duo
39%
Wemmbu + Rejoicin Dovestar Duo
36%
Spoke + JamatoP Exploit Duo
36%
Wemmbu + MinuteTech Monarch Duo
33%
ParrotX2 + FlameFrags Phoenix Duo
31%
Spoke + Wifies Chunkban Duo
25%
PrinceZam + Mapiccc Devotion Duo
25%
Wemmbu + loppezzz Ice Spikes
22%
Ashswagg + Reddoons Scam Duo
22%
Spoke + Jumperwho Void Jump
22%
Kenadian + Wato1876 Daybreak Duo
19%
Spoke + PrinceZam Destiny Duo
19%
Pangi + PrinceZam Empire Duo
19%
Spoke + Ashswagg God Duo
19%
ParrotX2 + PlanetLord Paralysis Duo
19%
FlameFrags + Princezam Solar Flare Duo
19%
FlameFrags + Spoke Chromablaze
17%
Spoke + MinuteTech Doomsday Duo
17%
ParrotX2 + Jumperwho Flappy Birds
17%
Clownpierce + BranzyCraft Funhouse Duo
17%
ParrotX2 + Ashswagg Glitch Wings
17%
Flamefrags + Jaden_MAN Tideblaze Duo
17%
ParrotX2 + Eggchan Eyespy Duo
11%
ParrotX2 + ClownPierce Parallel Duo
11%
Mapicc + MinuteTech Fortnite Duo
8%
ParrotX2 + deanthebean Canary Duo
6%
Wemmbu + LettuceK Foxglove Duo
6%
ParrotX2 + Nufuli Stargazing Duo
6%
No matching quizzes found
Score Distribution
Percent of People with Each Score
Percentile by Number Answered
Your Score History
You have not taken this quiz since the last reset